LEADER 01203nam a2200277 u 4500 001 000000140312 003 CaOOAMICUS 005 20141105104959.0 008 141105s1997 it u000 u ita u 040 $aPUL$bita 100 1 $aGatto, Ludovico.$0(OLS)http://pul/name/5513 245 10$aViaggio intorno al concetto di medioevo :$bprofilo di storia della storiografia medievale /$cLudovico Gatto. 260 $aRoma :$bBulzoni,$cc1997. 300 $a190 p.$c21 cm 490 1 $aBiblioteca di cultura ;$v108 500 $a"Indice dei nomi": p. [177]-190. 504 $aBibliografia in nota. 650 4$aStoriografia medievale.$0(OLS)http://pul/subject/6044 650 4$aMedioevo$xStoriografia.$0(OLS)http://pul/subject/16455 830 0$aBiblioteca di cultura (Bulzoni) ;$v108.$0(OLS)http://pul/title/15140 850 $aPUL 852 $aPUL$W1$xDP1 Fondo Capitani$y116$m1 A 55$j41567$qFondi$B161612$CPULBib$Z2$F161612 $HCap1808 $82 941 1 $a1 996 $6245$aViaggio intorno al concetto di medioevo :$bprofilo di storia della storiografia medievale$9(OLS)http://pul/title/38983 996 $6260$aRoma :$bBulzoni$9(OLS)http://pul/publisher/48135 LEADER 01049nam a2200241 a 4500 001 000000154148 003 CaOOAMICUS 005 20160921131338.0 008 160921s2006 it u000 u ita r 032 $aLibriCat 040 $aPUL$bita 110 2 $aUniversitą degli Studi di Perugia.$bConvegno di studi$d(2005).$0(OLS)http://pul/name/98131 245 10$aDiritto e processo /$ca cura di Antonio Palazzo. 260 $a[S.l. :$bs.n.],$c2006$eCittą della Pieve (Perugia) :$fTipolitografia Pievese) 300 $a575 p. ;$c24 cm. 500 $aDiritto e processo. Annuario giuridico dell'Universitą degli Studi di Perugia. Rivista annuale, anno 2005. 650 4$aDiritto$xCongressi.$0(OLS)http://pul/subject/18122 850 $aPUL 852 $aPUL$W1$xDP1 Fondo G. Barberini$y122$m4 E 84$j177203$qFondi$B180137$CPULBib$Z2$F180137 $HBar861 $81 941 1 $a1 996 $6245$aDiritto e processo$9(OLS)http://pul/title/193738 996 $6260$a[S.l. :$bs.n.]$9(OLS)http://pul/publisher/81594